Aspects contemporains du travail. (Record no. 105981)

MARC details
000 -LEADER
campo de control de longitud fija 00727nam a2200217 i 4500
001 - NÚMERO DE CONTROL
campo de control 105981
003 - IDENTIFICADOR DE NÚMERO DE CONTROL
campo de control ES-MaACL
007 - CAMPO FIJO DE DESCRIPCIÓN FÍSICA--INFORMACIÓN GENERAL
campo de control de longitud fija t|
008 - DATOS DE LONGITUD FIJA--INFORMACIÓN GENERAL
campo de control de longitud fija 060919s1980 fr ||||1| fre d
080 ## - NÚMERO DE LA CLASIFICACIÓN DECIMAL UNIVERSAL
Número de la Clasificación Decimal Universal 331"19"
245 00 - MENCIÓN DEL TÍTULO
Título Aspects contemporains du travail.
260 ## - PUBLICACIÓN, DISTRIBUCIÓN, ETC.
Lugar de publicación, distribución, etc. Paris :
Nombre del editor, distribuidor, etc. Jacques Mandrin,
Fecha de publicación, distribución, etc. 1980.
300 ## - DESCRIPCIÓN FÍSICA
Extensión 144 p. :
Otras características físicas il. ;
Dimensiones 23 cm.
490 1# - MENCIÓN DE SERIE
Mención de serie Non! : repères pour le socialisme ;
Designación de volumen o secuencia 2
500 ## - NOTA GENERAL
Nota general Biblioteca Juan Andrade.
500 ## - NOTA GENERAL
Nota general Número monográfico de la revista: Non! : repères pour le socialisme, Paris, nº 2, jul.-ag. 1980.
650 14 - PUNTO DE ACCESO ADICIONAL DE MATERIA--TÉRMINO DE MATERIA
Término de materia o nombre geográfico como elemento de entrada Trabajo-
Subdivisión cronológica S.XX.
9 (RLIN) 17600
830 0# - PUNTO DE ACCESO ADICIONAL DE SERIE-TÍTULO UNIFORME
Título uniforme Non! : repères pour le socialisme ;
Designación de volumen o secuencia 2
9 (RLIN) 232793
852 ## - LOCALIZACIÓN
Ubicación ES-MaACL
Número de control de estantería AND-981
Sublocalización o colección R.110268
Holdings
Estatus retirado Estado de pérdida Estado de daño No para préstamo Biblioteca de origen Biblioteca actual Ubicación en estantería Fecha de adquisición Fuente de adquisición Total de préstamos Signatura topográfica completa Código de barras Visto por última vez Precio de reemplazo Tipo de ítem Koha
        Biblioteca del Ateneo de Madrid Biblioteca del Ateneo de Madrid Depósito 2 17/01/2008     AND-981 1110643 23/02/2023 23/02/2023 Libro impreso